ბათუმის შოთა რუსთაველის სახელმწიფო უნივერსიტეტის ბიბლიოთეკა

რეკლამა და პრომოცია: ინტეგრირებული მარკეტინგული კომუნიკაციების ხედვა (ბიბ.ჩანაწერი № 51401)

000 -LEADER
fixed length control field 01469nam a2200277Ia 4500
001 - CONTROL NUMBER
control field 18386
003 - CONTROL NUMBER IDENTIFIER
control field GE_BSU
008 - FIXED-LENGTH DATA ELEMENTS--GENERAL INFORMATION
fixed length control field 181216s||||||||xx |||||||||||||| ||und||
020 ## - INTERNATIONAL STANDARD BOOK NUMBER
International Standard Book Number 978-9941-11-455-7
040 ## - CATALOGING SOURCE
Transcribing agency GE_BSU
080 ## - UNIVERSAL DECIMAL CLASSIFICATION NUMBER
Universal Decimal Classification number 659.1
100 ## - MAIN ENTRY--PERSONAL NAME
Personal name ბელჩი, ჯორჯ ი., და ბელჩი, მაიკლ ე.
245 ## - TITLE STATEMENT
Title რეკლამა და პრომოცია: ინტეგრირებული მარკეტინგული კომუნიკაციების ხედვა
245 ## - TITLE STATEMENT
Statement of responsibility, etc. რედ.: ნინო აბესაძე, მარიკა კვესელავა და სხვ. მთარგმნ.: ხათუნა ბასილაშვილი, მაია გოგოლაძე და სხვ.
260 ## - PUBLICATION, DISTRIBUTION, ETC.
Place of publication, distribution, etc. თბილისი
260 ## - PUBLICATION, DISTRIBUTION, ETC.
Name of publisher, distributor, etc. დიოგენე
260 ## - PUBLICATION, DISTRIBUTION, ETC.
Date of publication, distribution, etc. 2014
300 ## - PHYSICAL DESCRIPTION
Extent 825 გვ. : ილ. ; 27 სმ.
300 ## - PHYSICAL DESCRIPTION
Accompanying material რეკლამისა და პრომოციის ტერმინების გლოსარიუმი: გვ. 761-773. -
520 ## - SUMMARY, ETC.
Summary, etc. შენიშვნები: გვ. 774-804.
653 ## - INDEX TERM--UNCONTROLLED
Uncontrolled term ინტეგრირებული მარკეტინგული კომუნიკაციების ხედვა
653 ## - INDEX TERM--UNCONTROLLED
Uncontrolled term რეკლამა
653 ## - INDEX TERM--UNCONTROLLED
Uncontrolled term რეკლამა და პრომოცია
942 ## - ADDED ENTRY ELEMENTS (KOHA)
Koha item type წიგნი
ეგზემპლარები
Withdrawn status Lost status Damaged status Not for loan Date acquired Barcode Date last seen Price effective from Koha item type
        2018-12-17 47024 2018-12-17 2018-12-17 წიგნი
        2018-12-17 47023 2018-12-17 2018-12-17 წიგნი